Nippon : A charted survey of Japan 1969

में बचाया:
ग्रंथसूची विवरण
स्वरूप: पुस्तक
भाषा:Undetermined
प्रकाशित: Japan Konkusai- Sha 1969
विषय:
टैग : टैग जोड़ें
कोई टैग नहीं, इस रिकॉर्ड को टैग करने वाले पहले व्यक्ति बनें!
Thư viện lưu trữ: Trung tâm Học liệu Trường Đại học Cần Thơ
LEADER 00506nam a2200193Ia 4500
001 CTU_108900
008 210402s9999 xx 000 0 und d
082 |a 952.005 
082 |b N719/1969 
245 0 |a Nippon : 
245 2 |b A charted survey of Japan 1969 
245 4 |c The Tsunete Yano Memorial Society edited 
260 |a Japan 
260 |b Konkusai- Sha 
260 |c 1969 
650 |a Japan 
650 |x History 
904 |i M.Loan 
980 |a Trung tâm Học liệu Trường Đại học Cần Thơ